[Event "CRO-chT2 Center"]
[Site "Zagreb"]
[Date "2010.03.21"]
[Round "1.46"]
[White "Pavlinic, Darko"]
[Black "Furjan, Antun"]
[Result "1-0"]
[WhiteElo "2053"]
[BlackElo "2033"]
[PlyCount "77"]
[EventDate "2010.03.21"]
[EventType "team-tourn"]
[EventRounds "11"]
[EventCountry "CRO"]
[SourceTitle "EXT 2012"]
[Source "ChessBase"]
[SourceDate "2011.11.24"]
[SourceVersion "1"]
[SourceVersionDate "2011.11.24"]
[SourceQuality "1"]

1. Nf3 d5 2. c4 d4 3. b4 a5 4. b5 c5 5. bxc6 Nxc6 6. g3 e5 7. d3 Nf6 8. Bg2 Bd6 9. 0-0 0-0 10. Bg5 h6 11. Bxf6 Qxf6 12. Nbd2 Qe7 13. Ne1 f5 14. Nc2 a4 15. Rb1 Be6 16. e3 dxe3 17. fxe3 Bc5 18. Kh1 Rfd8 19. Qe2 Nb4 20. Nxb4 Bxb4 21. Nf3 Bd6 22. Qb2 Bc8 23. Nh4 f4 24. exf4 exf4 25. Ng6 Qe3 26. Nxf4 Bxf4 27. Rxf4 Qxd3 28. Bd5+ Kh8 29. Rf7 Qg6 30. Re1 Ra6 31. Ree7 Rf6 32. Rxf6 gxf6 33. Qb6 Rf8 34. Be4 Bf5 35. Qxb7 Rd8 36. Bd5 Qg4 37. Re1 Qd4 38. Qf7 Bh3 39. Re8+ 1-0

[Event "Zagreb op"]
[Site "Zagreb"]
[Date "1997.??.??"]
[Round "9"]
[White "Rosandic, Denis"]
[Black "Pavlinic, Darko"]
[Result "1/2-1/2"]
[WhiteElo "2280"]
[BlackElo "2110"]
[PlyCount "57"]
[EventDate "1997.??.??"]
[EventType "swiss"]
[EventRounds "9"]
[EventCountry "CRO"]
[SourceTitle "EXT 1999"]
[Source "ChessBase"]
[SourceDate "1998.11.16"]
[SourceVersion "1"]
[SourceVersionDate "1998.11.16"]
[SourceQuality "1"]

1. d4 Nf6 2. Bg5 e6 3. Nd2 h6 4. Bh4 c5 5. e3 cxd4 6. exd4 Be7 7. c3 0-0 8. Bd3 b6 9. Qf3 d5 10. Qe2 a5 11. Ngf3 Ba6 12. Bxa6 Nxa6 13. Ne5 Nb8 14. 0-0 Nfd7 15. Bxe7 Qxe7 16. f4 Re8 17. Qb5 a4 18. Rae1 Ra5 19. Qd3 Qf8 20. Nxd7 Nxd7 21. f5 exf5 22. Qxf5 Nf6 23. h3 a3 24. b3 Raa8 25. Qd3 Qd6 26. Nf3 Rxe1 27. Rxe1 Qg3 28. Qf5 Rd8 29. Qe5 1/2-1/2